000 00824nam a22002417a 4500
005 2010080608138.0
010 _aENG-98521
020 _a9780071067331
_c250.00
020 _a0071067337
_c250.00
035 _aEN-82054
037 _bDBAD/PUB
082 _a005.3
100 _aMatthews, Marty
_97552
245 _aMicrosoft office word 2010 :
_bquick steps /
_cby Marty Matthews
260 _aNew Delhi
_bTata McGraw-Hill
_c2010
270 _a7 West Patel Nagar
_bNew Delhi
_e110008
300 _axviii,253p.:
_bill.
_c21cm (pbk)
500 _aIncludes index
650 _aWord Proceesing
_97553
650 _aMS office
_97554
942 _2ddc
_cEN
_h005.3
_mMAT
999 _c39688
_d39688